Bienvenue à la Médiathèque de Saint-Andiol
banniere
Accueil Recherche avancée Mon compte
handi1 Rechercher dans le catalogue

Filtre   Mots-clés
  Recherche avancée
 
Lister les dernières nouveautés
 
Lister les livres GROS CARACTERES
 
Lister les périodiques (magazines)

handi1 Vers la terre promise

Book Cover
Auteur principal : Anna Jacobs
Autres auteurs : Catherine Delaruelle Martine Desoille
Titre : Vers la terre promise
Support : Livres
Langue : Francais
Publié : 2024 Archipel Paris
Series : Le Vent de l'espoir
Genre : Roman
Collection : Le Vent de l'espoir
Sujets : Romance historique
Étiquettes :
Pas de tags
LEADER 01757nam0a2200253 450
001 16868159
010 |a 978-2-8098-4766-6  |b br.  |d 23 € 
100 |a 20231003d2024 u u0frey01 ba 
101 1 |a fre  |c fre 
102 |a FR 
200 0 |a Vers la terre promise  |f Anna Jacobs  |g traduit de l'anglais par Catherine Delaruelle, Martine Desoille 
207 1 |a   
210 |a Paris  |c Archipel  |d 2024 
215 |a 1 vol. (456 p.)  |d 23 x 14 cm 
225 1 |a Le Vent de l'espoir  |v 01 
330 |a Lancashire, 1857. Liza, 17 ans, est femme de chambre au service des Pringle, un jeune couple qui la traite bien. Mais son père exige soudain qu'elle revienne vivre parmi les siens pour s'occuper de sa mère malade et de ses jeunes frères et súur. Liza déchante, mais sa déception n'est rien comparée à la décision qu'a prise pour elle son père : elle épousera un veuf bien plus âgé qu'elle. Pour échapper aux avances de plus en plus insistantes de cet homme dont elle ne veut pas, Liza s'enfuit. In extremis la jeune femme parvient à rejoindre les Pringle avant qu'ils embarquent pour l'Australie, terre lointaine où ils ont décidé d'émigrer. Liza se croit enfin tranquille. Mais à bord du navire, elle fait une terrible découverte, qui réduit à néant ses espoirs. A moins que ce territoire nouveau et sauvage ne soit la promesse de perspectives que jamais son Lancashire natal n'aurait pu lui offrir... 
461 0 |t Le Vent de l'espoir  |v 01 
610 0 |a Romance historique 
700 0 |a Jacobs  |b Anna  |4 70 
702 0 |a Delaruelle  |b Catherine  |4 730 
702 0 |a Desoille  |b Martine  |4 730 
900 |a Roman 
901 |a Adultes 
995 |a Médiathèque  |c Médiathèque  |f 00156010722189  |h 00156010722189  |k R JAC VEN 1  |o p  |q a  |r az  |u R JAC VEN 1  |e Médiathèque